000 00419nam a2200145Ia 4500
008 211109s9999||||xx |||||||||||||| ||und||
082 _a338.909
_bIND-T
100 _aIndia Govt Of Planning Cmmiss,
245 0 _aThird Five Year Plan
260 _bPlanning Commission
_aIndia
_c1961
300 _a774p.
630 _xPOST GRADUATE REFERENCE
650 _aSocial Science
_vEconomicsProduction
_xGeneralia
942 _cBOOK
999 _c21588
_d21588